Sovremennyje valjutnyje otnošenija.
Problém stanovenia reálneho valutového kurzu v ZSSR pri prechode ekonomiky k trhovému hospodárstvu. Predpoklady voľného valutového trhu v slobodných trhových vzťahoch vo vnútri krajiny. Malý význam valutových akcií v súčasnosti a jeho príčiny. Vplyv umele vysokého obchodného kurzu.
Salvato in:
| Autore principale: | |
|---|---|
| Natura: | Capitolo di libro |
| Lingua: | russo |
| Soggetti: | |
| Tags: |
Nessun Tag, puoi essere il primo ad aggiungerne!!
|
MARC
| LEADER | 00000naa a2200000 4500 | ||
|---|---|---|---|
| 001 | r004532 | ||
| 005 | 20221208123034.3 | ||
| 041 | 0 | |a rus | |
| 044 | |a [SU] | ||
| 245 | 1 | 0 | |a Sovremennyje valjutnyje otnošenija. |c L. Korljakov |
| 520 | |a Problém stanovenia reálneho valutového kurzu v ZSSR pri prechode ekonomiky k trhovému hospodárstvu. Predpoklady voľného valutového trhu v slobodných trhových vzťahoch vo vnútri krajiny. Malý význam valutových akcií v súčasnosti a jeho príčiny. Vplyv umele vysokého obchodného kurzu. | ||
| 610 | 2 | 0 | |a valuty |
| 610 | 2 | 0 | |a kurz valutový |
| 610 | 2 | 0 | |a ZSSR |
| 610 | 2 | 0 | |a hospodárstvo trhové |
| 610 | 2 | 0 | |a kurz menový |
| 100 | 1 | |a Korljakov, L. | |